Mujeres en trabajos de hombres: segregación ocupacional y condiciones laborales en los sectores minería y construcción
Bewaard in:
| Hoofdauteur: | |
|---|---|
| Formaat: | Boek |
| Taal: | Spaans |
| Gepubliceerd in: |
Santiago
Dirección del Trabajo
2014
|
| Editie: | 1a. ed |
| Reeks: | Cuadernos de Investigación, 49
|
| Onderwerpen: | |
| Tags: |
Voeg label toe
Geen labels, Wees de eerste die dit record labelt!
|
MARC
| LEADER | 00000cam a2200000 a 4500 | ||
|---|---|---|---|
| 001 | UCE9381 | ||
| 003 | CL-VaPUC | ||
| 008 | 151022e20140000cl |||||||||||||||||spa|d | ||
| 020 | |a 9789567978717 | ||
| 082 | 0 | 4 | |a 331.2183 |b DIA |2 21 |
| 100 | 0 | |a Díaz Andrade, Estrella |e author |9 582214 | |
| 245 | 1 | 0 | |a Mujeres en trabajos de hombres: segregación ocupacional y condiciones laborales en los sectores minería y construcción |
| 250 | |a 1a. ed | ||
| 300 | |a 152 p | ||
| 942 | |c BK | ||
| 945 | |d 20151022 17:18:00 |a dcastane | ||
| 260 | |a Santiago |b Dirección del Trabajo |c 2014 | ||
| 650 | 0 | |a Discriminación de género |9 538222 | |
| 650 | 0 | |a Discriminación de la mujer |9 429690 | |
| 650 | 0 | |a Industria minera |9 260256 | |
| 583 | |a last modification |c 20151022 17:18:00 |k Rodrigo Vera | ||
| 490 | 0 | |a Cuadernos de Investigación, 49 | |
| 999 | |c 361045 |d 361043 | ||
| 952 | |0 0 |1 0 |3 erb |4 0 |6 331_218300000000000_DIA_2014 |7 0 |8 A |9 471366 |a BIBGIM |b BIBGIM |i 5243777 |o 331.2183 DIA 2014 |p 5243777 |r 2025-01-15 |w 2019-11-24 |y BK |z Catalogado en:20151022 |k SSL | ||